Complete the 'M'-Word Movies (2010s) III Quiz Stats

 Plays Quiz not verified by Sporcle

Support Sporcle.
Go Orange.
Score 0/24 Timer 04:00
1 Play Today
% Correct
Mary
97.8%
Men
97.4%
Mission
97.1%
McPhee
96.8%
Musketeers
96.8%
Marigold
96.6%
My
96.5%
Monsters
96.3%
Million
96%
Meatballs
95.7%
Moon
95.5%
Money
95.2%
% Correct
Mockingjay
94.9%
Magnificent
94.4%
Mars
93.9%
Maleficent
93.6%
Morris
92.5%
Millers
91.6%
Moms
91.6%
Manchester
90.6%
Maybe
90.1%
Muppets
88.6%
Movie
81.6%
Marriage
80.3%

You're not logged in!

Compare scores with friends on all Sporcle quizzes.
OR
Log In

From the Vault

Meme Origins

by FilipinoBreloom

Is this quiz trying to turn itself into some kind of weird memeception?
Remove Ads.
Support Sporcle.
Get the best of Sporcle when you Go Orange. This ad-free experience offers more features, more stats, and more fun while also helping to support Sporcle. Thank you for becoming a member.

Show Comments

Extras

Top Quizzes Today


Score Distribution

Your Account Isn't Verified!

In order to create a playlist on Sporcle, you need to verify the email address you used during registration. Go to your Sporcle Settings to finish the process.

Report this User

Report this user for behavior that violates our Community Guidelines.

Details: